Estadísticas para Palabras Italianas Aleatorias

Haz click aquí para tomar la prueba!

Estadísticas generales

  • Esta prueba ha sido tomada 1.923 veces
  • La puntuación promedio es 17 de 20

Estadísticas de respuestas

ItalianoEspañol% Correcto
GrazieGracias
99%
CiaoHola o Adios
99%
BiancoBlanco
96%
BenvenutoBienvenido
94%
BambinoNiño
94%
ForteFuerte
94%
MoltoMucho
93%
SignoreSeñor
92%
CavalloCaballo
92%
TuttiTodo
91%
MilleMil
90%
GiornoDía
86%
DonnaMujer
82%
RagazzaNiña
82%
FratelloHermano
80%
LatteLeche
79%
PrimoPrimero
65%
VentiVeinte
60%
DuceLíder
52%
GrottaCueva
33%

Distribución de puntuación

Porcentaje por número respondido

Porcentaje de gente con cada puntuación

Historial de tus puntuaciones

No has tomado esta prueba